Nommez un pays valide n°1 - Statistiques

Statistiques générales
  • Ce quiz a été pris 60 998 fois
  • Le résultat moyen est 11 sur 20
Statistiques - réponses
Nommez un pays ... Répondre % Correct
avec terrain sur l'équateur Brésil | Colombie | Équateur | Gabon | Indonésie | Kenya | Ouganda | Rép dém du Congo | Sao Tomé-et-Principe | Somalie
96%
complètement entouré par un autre pays Lesotho | Saint-Marin | Vatican
81%
bordant uniquement la Chine et l'Inde Bhoutan | Népal
77%
dont le drapeau n'est que bleu et jaune Kazakhstan | Palaos | Suède | Ukraine
74%
considéré par les États-Unis comme un État parrain du terrorisme Corée du Nord | Iran | Soudan | Syrie
68%
bordant la mer Noire Bulgarie | Géorgie | Roumanie | Russie | Turquie | Ukraine
66%
dont le drapeau n'est que bleu et blanc Finlande | Grèce | Honduras | Israël | Micronésie | Somalie
66%
avec une élévation moyenne de plus de 3000 mètres Bhoutan | Népal | Tadjikistan
64%
qui produit plus de 600 000 tonnes de café Brésil | Colombie | Indonésie | Viêt Nam
63%
bordant la mer Rouge Arabie Saoudite | Djibouti | Égypte | Érythrée | Israël | Jordanie | Soudan | Yémen
60%
qui borde la Côte d'Ivoire Burkina Faso | Ghana | Guinée | Liberia | Mali
58%
dont la capitale commence par un J Indonésie | Israël
55%
sur l'île de Bornéo Brunei | Indonésie | Malaisie
49%
touchant le lac Victoria Kenya | Ouganda | Tanzanie
49%
avec un X dans son nom Luxembourg | Mexique
47%
qui était une ancienne colonie qui a obtenu son indépendance des Pays-Bas Indonésie | Suriname
37%
avec en moyenne moins de 6 cm de précipitations par an Arabie Saoudite | Égypte | Libye
34%
qui est reconnu par JetPunk mais pas l'ONU Kosovo | Taïwan
31%
Qui n'avait pas d'habitants en l'an 600 après JC Bahamas | Cap-Vert | Île Maurice | Islande | Nouvelle-Zélande | Sao Tomé-et-Principe | Seychelles
30%
dont la population a chuté de plus de 5% entre 2010 et 2017 Andorre | Bosnie-Herzégovine | Croatie | Géorgie | Lettonie | Lituanie | Syrie
21%
Aucun quiz correspondant
Distribution des résultats
% des personnes avec chaque résultat
Percentile par nombre de réponses
Votre historique - résultats
Vous n’avez pas pris ce quiz